书目信息 |
| 书名: | Mainline | |
| 作者: | ||
| 分册号: | ||
| 分册名: | 出版地: | London : |
|
| 出版社: | Longman | |
| 出版时间: | 1975. | |
| 页数: | 125 p. | |
| 开本: | ||
| 丛书名: | ||
| 中图分类号: | ||
| 科图分类号: | ||
| 其他分类号: | H31 | |
| 主题词: | ||
| 电子资源: | ||
| 000 | 00823nam 2200229 a 4500 | |
| 001 | E0753797794 | |
| 005 | 20070728100200.81 | |
| 008 | uu | |
| 008 | 1975 | |
| 020 | @cCNY0.95. | |
| 040 | @aNLC | |
| 049 | @aN5LA | |
| 090 | @a2/H319.4/ALGSS////////263005/*963537-9/ cop.2-4/skills B/*965249-50/skills B/ cop.5-6/*965247-8/skills A/ 2cop. | |
| 090 | @aH31 | |
| 096 | @aH319.4 @v2 | |
| 099 | @dH31@ex111:3(2) | |
| 100 | 1 | @aAlexander, L. G. |
| 245 | 10 | @aMainline :@bstudents' book. |
| 260 | @aLondon :@bLongman,@c1975. | |
| 300 | @a125 p. | |
| 700 | 1 | @aKingsbury, R. H., @ejt. auth. @b00 @c20020930 @lNLC09 @h2244 @lNLC09 @h2231 @lNLC09 @h1823 @b01 @c20030901 @lNLC09 @h1132 @b01 @c20030901 @lNLC09 @h1132 @b01 @c20030902 @lNLC09 @h1207 @b01 @c20030902 @lNLC09 @h1207 |
| 852 | 9 | @bWWJC @cJ08S @k2 @hH319.4 @iALGSS |
| Mainline : : students' book.-London : : Longman, , 1975. |
| 125 p. |
| ISBN CNY0.95. |
| ● |
| 相关链接 |
|
|
|
|
正题名:Mainline
索取号:H31/x111:3(2)
 
预约/预借
| 序号 | 登录号 | 条形码 | 馆藏地/架位号 | 状态 | 备注 |
| 1 | 0014439 | 300144396 | 密集书库/ [索取号:H31/x111:3(2)] | 在馆 | |
| 2 | 0014440 | 300144403 | 密集书库/ [索取号:H31/x111:3(2)] | 在馆 | |
| 3 | 124934 | 001041599 | 密集书库/ [索取号:H31/x111:3(2)] | 在馆 | |
| 4 | 124935 | 001041517 | 密集书库/ [索取号:H31/x111:3(2)] | 在馆 | |
| 5 | 124936 | 202133100 | 第二样本阅览室/ [索取号:H31/x111:3(2)] | 在馆 | |
| 6 | 124937 | 001041553 | 密集书库/ [索取号:H31/x111:3(2)] | 在馆 | |
| 7 | 79357 | 001041474 | 密集书库/ [索取号:H31/x111:3(2)] | 在馆 | |
| 8 | 79358 | 001041152 | 密集书库/ [索取号:H31/x111:3(2)] | 在馆 | |
| 9 | 79359 | 001041438 | 密集书库/ [索取号:H31/x111:3(2)] | 在馆 | |
| 10 | 79360 | 001041278 | 密集书库/ [索取号:H31/x111:3(2)] | 在馆 | |
| 11 | 79361 | 001041198 | 密集书库/ [索取号:H31/x111:3(2)] | 在馆 | |
| 12 | 79362 | 001041205 | 密集书库/ [索取号:H31/x111:3(2)] | 在馆 | |
| 13 | 79363 | 001041189 | 第四借阅区/ [索取号:H31/x111:3(2)] | 在馆 | |
| 14 | 79364 | 001041170 | 密集书库/ [索取号:H31/x111:3(2)] | 在馆 | |
| 15 | 79365 | 001041358 | 密集书库/ [索取号:H31/x111:3(2)] | 在馆 | |
| 16 | 79366 | 001041394 | 密集书库/ [索取号:H31/x111:3(2)] | 在馆 | |
| 17 | 79367 | 001041232 | 密集书库/ [索取号:H31/x111:3(2)] | 在馆 | |
| 18 | 79368 | 001041161 | 密集书库/ [索取号:H31/x111:3(2)] | 在馆 | |
| 19 | 79369 | 001041134 | 第四借阅区/ [索取号:H31/x111:3(2)] | 在馆 | |
| 20 | 79370 | 001041143 | 第四借阅区/ [索取号:H31/x111:3(2)] | 在馆 | |
| 21 | 79371 | 001041287 | 密集书库/ [索取号:H31/x111:3(2)] | 在馆 | |
| 22 | 79372 | 001041241 | 密集书库/ [索取号:H31/x111:3(2)] | 在馆 | |
| 23 | 79373 | 001041214 | 密集书库/ [索取号:H31/x111:3(2)] | 在馆 | |
| 24 | 79379 | 001041401 | 密集书库/ [索取号:H31/x111:3(2)] | 在馆 | |
| 25 | 79380 | 001041367 | 第四借阅区/ [索取号:H31/x111:3(2)] | 在馆 | |
| 26 | 79381 | 001041312 | 第四借阅区/ [索取号:H31/x111:3(2)] | 在馆 | |
| 27 | 79382 | 001041321 | 第四借阅区/ [索取号:H31/x111:3(2)] | 在馆 | |
| 28 | 79383 | 001041606 | 密集书库/ [索取号:H31/x111:3(2)] | 在馆 |